Kráľovná nad kráľovné

Bibliographic Details
Main Author: Blaho, Vladimír, 1943- (Author)
Format: Article
Language:Slovak
PhysicalDescription:Fotogr.
ISSN:1335-4140
Subjects:

MARC

LEADER 00000nab a2200000 a 4500
001 vtls008620555
003 SK-MaSNL
005 20260304145223.0
008 250505c2005 xo mr|p|||||||000 b|slo
015 |a SNBRB2006/02  |2 snkbucl 
035 |a (uuid)63d41e4a-f619-4bbd-bb4d-e4cbf223ed6b 
035 |a urn:nbn:sk:snk-ab23me 
035 |a (urnnbn)urn:nbn:sk:snk:ar-a01hyd 
038 |a SNKBUCL 
040 |a SNKBUCL  |b slo  |c SNKBUCL  |e AACR2 
041 0 |a slo 
044 |a xo  |c SK 
080 |a 782.1  |2 1997 
080 |a 78.071.2:792.5  |2 1997 
100 1 |a Blaho, Vladimír,  |d 1943-  |4 aut  |9 102391 
245 1 0 |a Kráľovná nad kráľovné  |c Vladimír Blaho 
300 |b Fotogr. 
500 |a Dirigent Friedrich Haider 
600 1 7 |a Gruberová, Edita,  |d 1946-2021  |2 snkbucl  |9 119448 
600 1 7 |a Donizetti, Gaetano,  |d 1797-1848  |t Roberto Devereux  |2 snkbucl  |9 1411906 
611 2 7 |a Bratislavské hudobné slávnosti  |n (41. :  |d 2005 :  |c Bratislava, Slovensko)  |2 snkbucl  |9 589353 
655 7 |a recenzie  |2 snkbucl  |9 21907 
773 0 |t Hudobný život  |g Roč. XXXVII, č. 11-12 (2005), s. 34  |x 1335-4140 
850 |a Slovenská národná knižnica 
852 |a Slovenská národná knižnica 
954 |a odborná, vedecká literatúra pôvodná (slovenská)  |2 lita 
958 |a article27 
958 |a OND 
958 |a RC 
958 |a EUIPO 
999 |c 2934873  |d 2936803